Derecho constitucional (Registro nro. 681)

Detalles MARC
000 -LEADER
fixed length control field 01954 a2200217 4500
001 - CONTROL NUMBER
control field 16009
005 - DATE AND TIME OF LATEST TRANSACTION
control field 20260407155453.0
008 - FIXED-LENGTH DATA ELEMENTS--GENERAL INFORMATION
fixed length control field 260407a1986 arg spa d
003 - CONTROL NUMBER IDENTIFIER
control field AR-UNSa-BCEJYS
040 ## - CATALOGING SOURCE
Original cataloging agency AR-UNSa-BCEJYS
Language of cataloging spa
Transcribing agency AR-UNSa-BCEJYS
080 ## - UNIVERSAL DECIMAL CLASSIFICATION NUMBER
Universal Decimal Classification number 342
Common auxiliary subdivision Derecho constitucional (Derecho Público)
020 ## - INTERNATIONAL STANDARD BOOK NUMBER
International Standard Book Number 950-43-0551-2
100 1# - MAIN ENTRY--PERSONAL NAME
Personal name Ramella, Pablo A.
245 10 - TITLE STATEMENT
Title Derecho constitucional
250 ## - EDITION STATEMENT
Edition statement 3a. ed.
264 #1 - PRODUCTION, PUBLICATION, DISTRIBUTION, MANUFACTURE, AND COPYRIGHT NOTICE
Place of production, publication, distribution, manufacture Buenos Aires :
Name of producer, publisher, distributor, manufacturer Ediciones Depalma
Date of production, publication, distribution, manufacture, or copyright notice 1986
300 ## - PHYSICAL DESCRIPTION
Extent xxxii, 829 p.
Dimensions 23 cm.
505 ## - FORMATTED CONTENTS NOTE
Formatted contents note 1. La Constitución - 2. Antecedentes de la Constitución Argentina - 3. Nombres de la Nación - 4. El Preámbulo - 5. Formas de estado y formas de gobierno - 6. Provincias y territorios - 7. La capital de la república - 8. Relaciones internacionales - 9. Relaciones de la Iglesia con el estado - 10. Supremacia de la constitución - 11. La nacionalidad - 12. Los extranjeros - 13. Derechos de las personas - 14. Derecho de las personas. La libertad - 15. Derechos de las personas. La igualdad - 16. Derechos civiles - 17. Los derechos sociales. Concepto - 18. Derechos de familia - 19. Derechos de la educación y la cultura - 20. Derechos de la profesión y de la seguridad social - 21. Derechos políticos - 22. Defensa de la Patria y la Constitución - 23. Garantía de derechos - 24. Restricción de derechos. Estado de sitio - 25. Organización económica. Principios fundamentales - 26. Organización económica. La propiedad - 27. Organización económica. Regulación estatal - 28. Organización económica. El estado empresario - 29. Organización económica. Régimen bancario y de la moneda - 30. División de poderes - 31. Poder Legislativo - 32. Juicio Político - 33. Formación de las Leyes - 34. Atribuciones del congreso - 35. Poder Ejecutivo. Organización - 36. Atribuciones del Poder Ejecutivo - 37. El ministerio - 38. Poder Judicial
590 ## - LOCAL NOTE (RLIN)
Local note niveau_biblio:m niveau_hierar:0
942 ## - ADDED ENTRY ELEMENTS (KOHA)
Koha item type
Existencias
Withdrawn status Lost status Damaged status Not for loan Home library Current library Shelving location Date acquired Total checkouts Full call number Barcode Date last seen Price effective from Koha item type
        Biblioteca Prof. Eusebio Cleto del Rey Biblioteca Prof. Eusebio Cleto del Rey   07/04/2026   342 R172 3ed. L70172 07/04/2026 07/04/2026 Libro
        Biblioteca Prof. Eusebio Cleto del Rey Biblioteca Prof. Eusebio Cleto del Rey   07/04/2026   342 R172 3ed. L85254 07/04/2026 07/04/2026 Libro
        Biblioteca Prof. Eusebio Cleto del Rey Biblioteca Prof. Eusebio Cleto del Rey   07/04/2026   342 R172 3ed. L85255 07/04/2026 07/04/2026 Libro
        Biblioteca Prof. Eusebio Cleto del Rey Biblioteca Prof. Eusebio Cleto del Rey   07/04/2026   342 R172 3ed. L85253 07/04/2026 07/04/2026 Libro
        Biblioteca Prof. Eusebio Cleto del Rey Biblioteca Prof. Eusebio Cleto del Rey   07/04/2026   342 R172 3ed. L70174 07/04/2026 07/04/2026 Libro
        Biblioteca Prof. Eusebio Cleto del Rey Biblioteca Prof. Eusebio Cleto del Rey   07/04/2026   342 R172 3ed. L70173 07/04/2026 07/04/2026 Libro